Prowincje Angoli (z mapą) - Statystyki

Ogólne statystyki
  • Ten quiz został rozwiązany 66 razy
  • Średni wynik to 4 z 18
Odpowiedzi na mapie
Odpowiedzi zakodowano w zielono-czerwonej skali na mapie do tego quizu, zgodnie z poniższymi procentami.
 
Statystyki odpowiedzi
Prowincja % Poprawnych
Luanda
98%
Cabinda
44%
Benguela
22%
Namibe
22%
Huambo
20%
Cuando-Cubango
17%
Bengo
15%
Bié
15%
Cunene
15%
Moxico
15%
Huíla
12%
Zaire
12%
Lunda Norte
10%
Lunda Sul
10%
Malanje
10%
Uíge
10%
Kuanza Północna
7%
Kuanza Południowa
7%
Nie znaleziono quizów pasujących do podanych kryteriów
Rozkład punktacji
Procent ludzi z każdym wynikiem
Percentyl według liczby udzielonych odpowiedzi
Twoja historia wyników
Nie rozwiązałeś tego quizu